LEADER 01136nam0 22002891i 450 001 UON00169490 005 20231205103047.786 010 $a01-987216-8-4 100 $a20030526d2002 |0itac50 ba 101 $aeng 102 $aGB 105 $a|||| ||||| 200 1 $aDemosthenis orationes. 1. / recognovit apparatu testimoniorum ornavit adnotatione critica instruxit M.R. Dilts 210 $aOxonii$cE Typographeo clarendoniano$d2002 215 $a318 p.$d20 cm 410 1$1001UON00087640$12001 $aScriptorum Classicorum Bibliotheca Oxoniensis 606 $aORATORIA GRECA$3UONC028474$2FI 620 $aGB$dOxford$3UONL000029 676 $a885$cORATORIA GRECA$v21 700 1$aDILTS$bMervin R.$3UONV062156$0155492 712 $aClarendon Press$3UONV246509$4650 801 $aIT$bSOL$c20240220$gRICA 899 $aSIBA - SISTEMA BIBLIOTECARIO DI ATENEO$2UONSI 912 $aUON00169490 950 $aSIBA - SISTEMA BIBLIOTECARIO DI ATENEO$dSI T 1 DEMOSTH 0710 01 $eSI MC 26958 5 01 996 $aDemosthenis orationes. 1.$91850075 997 $aUNIOR LEADER 01129nam0 22002531i 450 001 UON00259347 005 20231205103705.756 100 $a20041206f1977 |0itac50 ba 101 $apor 102 $aPT 105 $a||||f ||||| 200 1 $aGrande dicionário da literatura portuguesa e de teoria literária. 1.:$bA-BO]$fdirigido por Joao José Cochofel 210 $a[S.l.]$cIniciativas Editoriais$dstampa 1977 215 $aXXXIII, 772 p., 12 c. di tav.$cill.$d26 cm 606 $aLetteratura portoghese$xEnciclopedie e dizionari$3UONC055422$2FI 676 $a869.03$cLetteratura portoghese. Dizionari e concordanze$v21 702 1$aCOCHOFEL$bJoao José$3UONV151645 712 $aIniciativas Editoriais$3UONV270530$4650 801 $aIT$bSOL$c20251010$gRICA 899 $aSIBA - SISTEMA BIBLIOTECARIO DI ATENEO$2UONSI 912 $aUON00259347 950 $aSIBA - SISTEMA BIBLIOTECARIO DI ATENEO$dSI S.C III E 025 $eSI LO 20733 7 025 996 $aGrande dicionário da literatura portuguesa e de teoria literária$91238101 997 $aUNIOR